000
00487nam a2200145Ia 4500
008
100204s9999 xx 000 0 und d
082
_b
3126
100
_a
शेळके उध्दव ज.
245
_a
चार इंचाचा माणूस
260
_b
"अनुपम प्रकाशन, पुणे"
_c
1978
300
_a
94
630
_a
चार इंचाचा माणूस
730
_a
चार इंचाचा माणूस
942
_c
BOOK
999
_c
448098
_d
448095